书目信息 |
| 题名: |
注塑工厂智能化系统管理
|
|
| 作者: | 刘卓铭 编著 | |
| 分册: | ||
| 出版信息: | 北京 化学工业出版社 2025.01 |
|
| 页数: | 118页 | |
| 开本: | 24cm | |
| 丛书名: | ||
| 单 册: | ||
| 中图分类: | F407.762 | |
| 科图分类: | ||
| 主题词: | 注塑--化工企业--系统管理 | |
| 电子资源: | ||
| ISBN: | 978-7-122-46309-8 | |
| 000 | 00991nam0 2200253 450 | |
| 001 | 013489933 | |
| 005 | 20251022180210.81 | |
| 010 | @a978-7-122-46309-8@dCNY58.00 | |
| 100 | @a20250312d2025 em y0chiy0120 ea | |
| 101 | 0 | @achi |
| 102 | @aCN@b110000 | |
| 105 | @aa z 000yy | |
| 106 | @ar | |
| 200 | 1 | @a注塑工厂智能化系统管理@9zhu su gong chang zhi neng hua xi tong guan li@dIntelligent system management for injection moulding factories@f刘卓铭等编著@zeng |
| 210 | @a北京@c化学工业出版社@d2025.01 | |
| 215 | @a118页@c图@d24cm | |
| 304 | @a编著者还有:潘玲玲、张向阳、蔡恒志等 | |
| 330 | @a本书分为7章,内容包括:概述、注塑工厂全面质量管理与目标管理、设备管理、智能化系统管理、现场管理、培训管理、精益现场生产。 | |
| 510 | 1 | @aIntelligent system management for injection moulding factories@zeng |
| 606 | 0 | @a注塑@x化工企业@x系统管理 |
| 690 | @aF407.762@v5 | |
| 701 | 0 | @a刘卓铭@9liu zhuo ming@4编著 |
| 801 | 0 | @aCN@c20250910 |
| 905 | @a河南城建学院图书馆@dF407@eL734@ZL734@f1 | |
| 注塑工厂智能化系统管理=Intelligent system management for injection moulding factories/刘卓铭等编著.-北京:化学工业出版社,2025.01 |
| 118页:图;24cm |
| ISBN 978-7-122-46309-8:CNY58.00 |
| 本书分为7章,内容包括:概述、注塑工厂全面质量管理与目标管理、设备管理、智能化系统管理、现场管理、培训管理、精益现场生产。 |
| ● |
| 相关链接 |
|
|
|
正题名:注塑工厂智能化系统管理
索取号:F407/L734
 
预约/预借
| 序号 | 登录号 | 条形码 | 馆藏地/架位号 | 状态 | 备注 |
| 1 | 1634761 | 216347610 | 社科库409/409社科库 34排1列5层/ [索取号:F407/L734] | 在馆 |